Proyecto de ley constitutiva del ejército, presentado a las Cortes por las comisiones reunidas de organizacion de fuerza armada y de milicias
Descripción Física:
37 p. ; 20 cm
Materias:
Exèrcits -- Dret i legislació -- Espanya
MARC
| LEADER | 00000nam a2200000Ia 4500 | ||
|---|---|---|---|
| 001 | 17521 | ||
| 008 | 160829s1820 xx 000 0 cat d | ||
| 080 | |a RF-9-17 | ||
| 245 | |a Proyecto de ley constitutiva del ejército, presentado a las Cortes por las comisiones reunidas de organizacion de fuerza armada y de milicias | ||
| 260 | |a Madrid : |b Imprenta de Collado, |c 1820 | ||
| 300 | |a 37 p. ; |c 20 cm | ||
| 590 | |a Prové de 27, exp. 1 | ||
| 650 | |a Exèrcits |x Dret i legislació |x Espanya |9 46803 | ||
| 856 | 4 | |u https://media.diba.cat/diba/fitxers/arxiu/fulletons/bib_17521_1820_baixa.pdf |y Accés lliure | |
| 856 | 4 | |u https://media.diba.cat/diba/fitxers/arxiu/fulletons/bib_17521_1820_baixa.pdf |y Accés lliure | |
| 901 | |a Arxiu | ||
| 942 | |n 1 |2 udc | ||
| 952 | |0 0 |1 0 |4 0 |6 RF917 |7 1 |9 53493 |a Arxiu |b Arxiu |d 2016-12-01 |l 0 |o RF-9-17 |p 17521 |r 2016-12-01 00:00:00 |w 2016-12-01 |y ARXIU | ||
| 999 | |c 57359 |d 57359 | ||
| 900 | |a bib_17521_1820_baixa.pdf | ||